00463nam a2200157 a 450000500170000000800410001702000180005805000200007610000160009624500810011226000380019330000230023144000110025465000190026565000210028420140412111259.0020530s19uu xx 00 eng d a0-307-26106-9 aERbBa23on 1998 aOrr, Salile aBarbie: one pink shoe /cby Salile Orr ; illustrated by S. I. International. aNew York :bA Golden Book,c1998. a1 v. (unp.) ; ill. aBarbie aShoes--Fiction aChildren stories